| 000 | 00881cam a22002291i 4500 | ||
|---|---|---|---|
| 001 | 015654274 | ||
| 003 | EG-ScBUE | ||
| 005 | 20250528085406.0 | ||
| 008 | 100916s2011 enka f b f001 0 eng d | ||
| 020 | _a9780521187947 | ||
| 040 |
_aEG-ScBUE _beng _erda _cEG-ScBUE _dEG-ScBUE |
||
| 082 | 0 | 4 |
_a530.4290724 _bKUM _222 |
| 100 | 1 |
_aKumar, Satyen, _938195 _eauthor. |
|
| 245 | 1 | 0 |
_aLiquid crystals : _bexperimental study of physical properties and phase transitions / _cSatyendra Kumar, author and editor ; with additional contributions by J. Brock [and nine others] |
| 250 | _aFirst paperback edition. | ||
| 264 | 1 |
_aCambridge : _bCambridge University Press, _c2011. |
|
| 300 |
_ax, 483 pages : _billustrations ; _c25 cm |
||
| 504 | _aIncludes bibliographical references and index. | ||
| 650 | 7 |
_aLiquid crystals _xExperiments. _2BUEsh |
|
| 655 | _vReading book | ||
| 942 |
_2ddc _cBB |
||
| 999 |
_c19530 _d19502 |
||